00322nam a2200133Ia 4500008004100000100004000041245002100081250001200102260003000114300000800144650001400152942000700166999001500173190216s9999||||xx |||||||||||||| ||und|| aMohammed K A & Aravindakshan Ks 0aIndian Economics a1st Ed. bPaico Pub.House Ekmc1969 a185 aEconomics cBK c9684d9684